000 00337 a2200157 4500
001 70717
020 _a
040 _cAnchieta - Itaigara
100 _aEmpresa Baiana de Jornalismo S.A.
240 1 0 _aVenceslau, o eremita
_lpor
245 1 0 _aVenceslau, o eremita
300 _a75
362 0 _a2004
650 4 _aBahia
942 _cBK
999 _c70717
_d70717